La única bandera que... - Estadísticas

Estadísticas generales
  • Esta prueba ha sido intentada 46 veces
  • La puntuación promedio es 13 de 21
Estadísticas de respuestas
Hint Respuesta % Correcto
¿Qué bandera tiene 50 estrellas? ESTADOS UNIDOS
95%
¿Cuáles son las únicas 3 banderas que no tienen proporción rectangular? NEPAL
89%
¿Qué 2 banderas tienen el propia mapa de su país en ellas? CHIPRE
87%
¿Cuáles son las únicas 3 banderas que no tienen proporción rectangular? CIUDAD DEL VATICANO
84%
¿Cuál es la única bandera con un arma de fuego? MOZAMBIQUE
82%
¿Cuál es la bandera que tiene un sol con 32 puntas? ARGENTINA
82%
¿Cuáles son las únicas 3 banderas que no tienen proporción rectangular? SUIZA
79%
¿Cuál es la bandera que tiene un sol con 16 puntas? URUGUAY
76%
¿Cuál es la única bandera que se hizo de derecha a izquierda, al estar escrita en árabe? ARABIA SAUDITA
76%
¿Qué 2 banderas tienen el propia mapa de su país en ellas? KOSOVO
74%
¿Cuál es la única bandera que tiene una raya vertical encima de rayas horizontales? REPÚBLICA CENTROAFRICANA
63%
¿Cuál es la única bandera que aparece integrada en otras banderas? REINO UNIDO
63%
¿Cuál es la bandera más antigua? DINAMARCA
53%
¿Cuáles son las únicas 2 banderas con color morado? DOMINICA
50%
¿Cuál es la única bandera en la que aparecen personas? BELICE
47%
¿Qué bandera obtienes juntando las banderas de Hungría y Rumanía? SEYCHELLES
45%
¿Cuál es la única bandera nacional que no tiene ni rojo ni blanco ni azul? JAMAICA
42%
¿Cuáles son las únicas 2 banderas con color morado? NICARAGUA
37%
¿Cuál es la única bandera que cambia de color dependiendo de si su país esta en guerra o no? FILIPINAS
34%
¿Qué bandera tiene 10 estrellas? Una estrella por cada isla del país CABO VERDE
26%
¿Qué bandera tiene una biblia? REPÚBLICA DOMINICANA
26%
No se encontraron pruebas coincidentes
Distribución de puntuación
Porcentaje de gente con cada puntuación
Porcentaje por número respondido
Historial de tus puntuaciones
No has intentado esta prueba.